| 000 | 00484nam a2200205Ia 4500 | ||
|---|---|---|---|
| 003 | OSt | ||
| 005 | 20230607151046.0 | ||
| 008 | 210423s2010 xx 000 0 und d | ||
| 020 | _a9789380376264 | ||
| 040 | _cAL | ||
| 041 | _aeng | ||
| 082 | _a379.26 DASR | ||
| 100 |
_aDAS (Ajay). _9121686 |
||
| 245 | _aRight to education. | ||
| 260 |
_aNew Delhi _bAxis Books Pvt Ltd _c2010 |
||
| 300 |
_a294 _bPB |
||
| 365 |
_b795 _cINR |
||
| 906 | _aeducation. ; Right | ||
| 942 |
_2ddc _cBK |
||
| 999 |
_c176237 _d176237 |
||